000 01382nam0a2200289 4500
001 RU\NLR\ONL1\11381
005 20260408205630.0
035 _a(NLR Aleph) 009640127
090 _a9542354
_c9542354
100 _a20070606d1978 |||y0rusy50 ca
101 0 _audm
102 _aRU
105 _ay |||||||||
200 1 _aУроке - выл амалъёс
_eудмурт кыллы но литературалы дышетисьёслы юрттэт
_fУдмурт АССР-ысь калыкез дышетонъя м-во. Удмурт АССР-ысь дышетисььёслэсъ тодонлыксэс будэтонъя ин-т
210 _aИжевск
_cУдмуртия
_d1978
215 _a96 с.
_d20
541 1 _aНовое на уроках языка и литературы
_eв помощь учителям удмуртского языка и литературы
_zrus
606 0 _aУдмуртский язык
_xПреподавание
_xНачальная школа
_92175345
_3RU\NLR\auth-onl\6661
606 _aУдмуртская литература
_xПреподавание
_xСредняя школа
_3RU\NLR\auth-onl\6671
_92175373
686 1 _aЧ426.151
686 1 _aЧ426.21
801 0 _aRU
_bNLR
_c20070606
_gPSBO
852 _aNLR
_bОНЛ
_jУдмур./3-1377
942 _cBOOK
980 _aNB